| 000 | 00632nam a22001937a 4500 | ||
|---|---|---|---|
| 003 | OSt | ||
| 005 | 20180116183032.0 | ||
| 008 | 151222b xxu||||| |||| 00| 0 eng d | ||
| 020 | _a 05-243-87-1 | ||
| 024 | _2 05-243-87-1 | ||
| 040 | _cLahore LUMS | ||
| 082 | _a 174.4 LUM 1987 | ||
| 100 | _aQureshi Z I , Rashid S | ||
| 245 |
_a ICI (PAKISTAN) MANUFACTURERS LTD: THE POLYESTER WORKS SHEKHUPURA _cQureshi Z I , Rashid S |
||
| 260 |
_aLahore LUMS _bLahore University of Management Sciences _c1987 |
||
| 300 |
_a23 p. _bPapers |
||
| 440 | _a ICI (PAKISTAN) MANUFACTURERS LTD: THE POLYESTER WORKS SHEKHUPURA | ||
| 942 |
_2ddc _cCS |
||
| 999 |
_c351048 _d351048 |
||